书目信息 |
| 题名: |
图解基因工程入门
|
|
| 作者: | 太田次郎 著 ;吴政安 译 | |
| 分册: | ||
| 出版信息: | 北京 科学出版社 1987 |
|
| 页数: | 137页 | |
| 开本: | 19cm | |
| 丛书名: | ||
| 单 册: | ||
| 中图分类: | Q75 | |
| 科图分类: | ||
| 主题词: | 基因-遗传工程 , 遗传工程-基因 , 分子遗传学 | |
| 电子资源: | ||
| ISBN: | ||
| 000 | 00748nam0 2200277 45 | |
| 001 | 0187010588 | |
| 005 | 20040629172522.4 | |
| 010 | @dCNY0.90 | |
| 091 | @a13031.3626 | |
| 100 | @a19940418d1987 em y0chiy0121 ea | |
| 101 | 1 | @achi@cjpn |
| 102 | @aCN@b110000 | |
| 105 | @ay z 000yy | |
| 106 | @ar | |
| 200 | 10 | @a图解基因工程入门@Atu jie ji yin gong cheng ru men@f(日)太田次郎著@g吴政安译 |
| 210 | @a北京@c科学出版社@d1987 | |
| 215 | @a137页@d19cm | |
| 606 | @a基因-遗传工程 | |
| 606 | @a遗传工程-基因 | |
| 606 | 0 | @a分子遗传学 |
| 690 | @aQ75@v3 | |
| 701 | 0 | @a太田次郎@Atai tian ci lang@4著 |
| 702 | 0 | @a吴政安@Awu zheng an@4译 |
| 801 | 0 | @aCN@b深圳图书馆@c20040525 |
| 801 | 2 | @aCN@bNLC@c20040525 |
| 905 | @dQ75@e10@f1@b205112 | |
| 图解基因工程入门/(日)太田次郎著/吴政安译.-北京:科学出版社,1987 |
| 137页;19cm |
| ISBN :CNY0.90 |
| ● |
| 相关链接 |
|
|
|
|
正题名:图解基因工程入门
索取号:Q75/10
 
预约/预借
| 序号 | 登录号 | 条形码 | 馆藏地/架位号 | 状态 | 备注 |
| 1 | 0205112 | 001933135 | 第二样本阅览室/ [索取号:Q75/10] | 在馆 | |
| 2 | 0205113 | 000703420 | 第三借阅区/ [索取号:Q75/10] | 在馆 |